| 000 | 00480nam a2200157 i 4500 | ||
|---|---|---|---|
| 001 | 42001 | ||
| 003 | ES-MaACL | ||
| 005 | 20230906160529.0 | ||
| 007 | t| | ||
| 008 | 030312s1917 cu ||||1| spa d | ||
| 100 | 1 |
_aCarbonell y Rivero, José Manuel. _935072 |
|
| 245 | 1 | 3 |
_aLa mas fermosa _b: (historia de un soneto) / _cprologada y anotada por José Manuel Carbonell y Rivero. |
| 260 |
_aHabana : _bSiglo XX, _c1917. |
||
| 300 |
_a283 p. ; _c26 cm. |
||
| 852 |
_aES-MaACL _jF-1402 |
||
| 999 |
_c42001 _d42001 |
||